| 000 | 00579nam a2200181 i 4500 | ||
|---|---|---|---|
| 001 | 100289 | ||
| 003 | ES-MaACL | ||
| 005 | 20250331063058.0 | ||
| 007 | t| | ||
| 008 | 050926s1968 sp ||||1| spa d | ||
| 100 | 1 |
_aMarx, Karl, _d1818-1883 _978590 |
|
| 245 | 1 | 0 |
_aCrítica del programa de Gotha / _cKarl Marx; [versión española por el Instituto del Marxismo-Leninismo]. |
| 260 |
_aMadrid : _bRicardo Aguilera, _c1968. |
||
| 300 |
_a63 p. ; _c18 cm. |
||
| 710 | 2 |
_aInstituto del Marxismo-Leninismo. _95017 |
|
| 852 |
_aES-MaACL _jC-37210 _bR.68092 |
||
| 999 |
_c100289 _d100289 |
||